| 000 | 00548nam a2200229Ia 4500 | ||
|---|---|---|---|
| 003 | OSt | ||
| 005 | 20221005132818.0 | ||
| 006 | a|||||r|||| 00| 0 | ||
| 007 | ta | ||
| 008 | 221004b |||||||| |||| 00| 0 mar d | ||
| 024 | _a40485 | ||
| 037 | _cTextual | ||
| 040 |
_aCRL _cCRL _bmar |
||
| 041 |
_2mar _amar |
||
| 082 | _aS:6825, 155B3 | ||
| 100 |
_aAAthavle _9641694 |
||
| 245 | 0 | _aVaktrutva | |
| 300 |
_a64p. _ccm. |
||
| 650 | _aPSYCHOLOGY | ||
| 942 |
_hS:6825, 155B3 _cTEXL _2cc |
||
| 999 |
_c1064890 _d1064890 |
||